Central Library OPAC University of Rajshahi

Moscow's red carpet welcome for 1980 Olympics / (Record no. 27637)

MARC details
000 -LEADER
fixed length control field 00795cam a22002292 4500
001 - CONTROL NUMBER
control field 27637
003 - CONTROL NUMBER IDENTIFIER
rucl marc code BD-RjUL
005 - DATE AND TIME OF LATEST TRANSACTION
control field 20211209051201.0
008 - FIXED-LENGTH DATA ELEMENTS--GENERAL INFORMATION
fixed length control field 140325s1980 ru af 000 0 eng d
035 ## - SYSTEM CONTROL NUMBER
System control number (BD-RjUL)27716
040 ## - CATALOGING SOURCE
Original cataloging agency UIU
Transcribing agency UIU
Modifying agency OCL
-- BD-RjUL
Language of cataloging eng
041 1# - LANGUAGE CODE
Language code of text/sound track or separate title eng
Language code of original rus
082 ## - DEWEY DECIMAL CLASSIFICATION NUMBER
Classification number 947
Author mark and year POM 1980
100 1# - MAIN ENTRY--PERSONAL NAME
Personal name Popov, Sergeĭ Grigorʹevich.
9 (RLIN) 84878
245 10 - TITLE STATEMENT
Title Moscow's red carpet welcome for 1980 Olympics /
Statement of responsibility, etc. Sergei Popov, Alexei Srebnitsky.
260 ## - PUBLICATION, DISTRIBUTION, ETC. (IMPRINT)
Place of publication, distribution, etc. Moscow :
Name of publisher, distributor, etc. Novosti Press Agency Pub. House,
Date of publication, distribution, etc. 1980.
300 ## - PHYSICAL DESCRIPTION
Pagination 82 p., [32] p. of plates :
Illustrations ill. (some col.) ;
Size 17 cm.
500 ## - GENERAL NOTE
General note Translation of: Moskva, dobro pozhalovat', Olimpiada.
700 1# - ADDED ENTRY--PERSONAL NAME
Personal name Srebnit͡skiĭ, A.
Fuller form of name (Alekseĭ)
942 ## - ADDED ENTRY ELEMENTS (KOHA)
Source of classification or shelving scheme Dewey Decimal Classification
Koha item type Books
Holdings
Lost status Source of classification or shelving scheme Damaged status Not for loan Collection code Permanent Location Current Location Shelving location Date acquired Source of acquisition Total Checkouts Full call number Date last seen Copy number Koha item type
  Dewey Decimal Classification   Added to bundle Non-fiction Central Library, University of Rajshahi Central Library, University of Rajshahi Reading Room 02/03/1986 U.S.I.S Dacca   947 POM 1980 25/03/2014 C-1 Books